| 000 | 01841cam a2200397 i 4500 | ||
|---|---|---|---|
| 003 | PE-LiUPU | ||
| 005 | 20260203114629.0 | ||
| 008 | 2501 s2012 ar a rb 000 0 spa d | ||
| 020 | _a9789875679962 | ||
| 035 | _aPE-LiUPU00076 | ||
| 040 |
_aPE-LiUPU _bspa _cPE-LiUPU _erda |
||
| 082 | 0 | 4 |
_a248.5 _223/spe _bP368r |
| 090 |
_a248.5 _bR433 |
||
| 100 |
_aPeckham, Lori, _ecompilador. _97924 |
||
| 245 | 1 | 0 |
_aRescates emocionantes / _ccompilado por Lori Peckham ; dirigido por Claudia Brunelli. |
| 246 | 1 | 9 | _aGuide's greatest rescue stories |
| 250 | _aPrimera edición. | ||
| 264 | 1 |
_aFlorida : _bAsociación Casa Editora Sudamericana, _c2012. |
|
| 264 | 3 |
_aBuenos Aires : _bAsociación Casa Editora Sudamericana, _c2012. |
|
| 300 |
_a160 páginas : _bilustraciones ; _c21 cm |
||
| 336 |
_atext _2rdacontent |
||
| 337 |
_aunmediated _2rdamedia |
||
| 338 |
_avolume _2rdacarrier |
||
| 500 | _aTraducción de la obra original Guide's greatest rescue stories, publicada por Review and Herald Publishing Association en 2011. | ||
| 500 | _aContiene relatos reales de rescates y experiencias extremas con enfoque espiritual. | ||
| 520 | _aColección de relatos reales que narran experiencias extremas de peligro, supervivencia y rescate, destacando la intervención providencial de Dios en situaciones desesperadas y fortaleciendo la fe cristiana mediante testimonios de esperanza y confianza. | ||
| 650 | 4 | _aVida cristiana. | |
| 650 | 4 |
_aFe cristiana. _97852 |
|
| 650 | 0 |
_aProvidencia divina _vRelatos _97925 |
|
| 650 | 0 |
_aTestimonios cristianos _97851 |
|
| 700 |
_aBrunelli, Claudia, _edirector. _97926 |
||
| 700 | 1 |
_aBlath, Claudia, _etraductor. |
|
| 710 | 2 |
_aAsociación Casa Editora Sudamericana, _eeditor. |
|
| 942 |
_2ddc _cBK |
||
| 980 |
_618228 _aRebeca Esther Huerta Leyton _818226 _gJaime Vilcazán Jefe de Análisis Documental |
||
| 999 |
_c63238 _d63237 |
||